[Event "TUR-chT2"]
[Site "Konya"]
[Date "2018.07.11"]
[Round "3.9"]
[White "Yalcindag, Hakan"]
[Black "Celik, Burak Enes"]
[Result "1-0"]
[WhiteElo "1360"]
[BlackElo "1248"]
[PlyCount "49"]
[EventDate "2018.07.10"]
[EventType "team-swiss"]
[EventRounds "9"]
[EventCountry "TUR"]
[SourceTitle "EXT 2019"]
[Source "ChessBase"]
[SourceDate "2018.10.10"]
[SourceVersion "1"]
[SourceVersionDate "2018.10.10"]
[SourceQuality "1"]
[WhiteTeam "Genclik Mudurlugu"]
[BlackTeam "Duzce Belediye Genclik"]
[WhiteTeamCountry "TUR"]
[BlackTeamCountry "TUR"]

1. e4 e6 2. d4 d5 3. e5 c5 4. c3 Nc6 5. Nf3 Bd7 6. Bd3 Qb6 7. 0-0 cxd4 8. cxd4 Nxd4 9. Nbd2 Nc6 10. Nb3 Nge7 11. Be3 Qc7 12. Rc1 Ng6 13. Nc5 Bxc5 14. Bxc5 Ngxe5 15. Nxe5 Qxe5 16. Re1 Qc7 17. Qg4 g6 18. Qh4 Qd8 19. Qf4 g5 20. Qf3 b6 21. Ba3 Ne7 22. Qf6 Ng6 23. Rxe6+ fxe6 24. Bxg6+ hxg6 25. Qxg6# 1-0